<?xml version="1.0" encoding="UTF-8"?>
<collection xmlns="http://www.loc.gov/MARC21/slim">
 <record>
  <leader>00505pamaa2200145   4500</leader>
  <controlfield tag="001">0000013891</controlfield>
  <controlfield tag="005">20060706090000.0</controlfield>
  <datafield tag="020" ind1="0" ind2="0">
   <subfield code="a">0751738913 </subfield>
  </datafield>
  <datafield tag="082" ind1=" " ind2=" ">
   <subfield code="a">658.15 CIM</subfield>
  </datafield>
  <datafield tag="090" ind1="0" ind2="0">
   <subfield code="a">HG4026 </subfield>
   <subfield code="b">CIM 1998</subfield>
  </datafield>
  <datafield tag="245" ind1="0" ind2="0">
   <subfield code="a">CIMA practice &amp; revision kit stage 4 paper 13 : </subfield>
   <subfield code="b">strategic financial management 1998  </subfield>
   <subfield code="c">Chartered Institute of Management Accountants.</subfield>
  </datafield>
  <datafield tag="260" ind1="0" ind2="0">
   <subfield code="a">London: </subfield>
   <subfield code="b">BPP Publishing, </subfield>
   <subfield code="c">1998.</subfield>
  </datafield>
  <datafield tag="300" ind1=" " ind2=" ">
   <subfield code="a">xxiv, 256p.: </subfield>
   <subfield code="b">30cm.</subfield>
  </datafield>
  <datafield tag="650" ind1="0" ind2="0">
   <subfield code="a">Managerial finance </subfield>
  </datafield>
  <datafield tag="710" ind1="1" ind2="1">
   <subfield code="a">Chartered Institute of Management Accountants </subfield>
  </datafield>
 </record>
</collection>
